| 000 | 00538nam a2200205 a 4500 | ||
|---|---|---|---|
| 999 |
_c1725 _d1725 |
||
| 001 | 1725 | ||
| 003 | BD-JhCC | ||
| 005 | 20171023192853.0 | ||
| 008 | 171023s2000 II |||| |||| 000 0 eng d | ||
| 035 | _a(BD-JhCC)1725 | ||
| 040 |
_aBD-JhCC _dBD-JhCC |
||
| 041 | _aeng | ||
| 082 |
_a891.4415 _bLAL 2000 |
||
| 100 | _aLall, Ramji | ||
| 245 |
_aWiliam Wordsworth _b An Evaluation of His Poetry / _cRamji Lall |
||
| 260 |
_aNew Delhi : _bAarti Book Centre ; _c2000 |
||
| 300 |
_a204 p. ; _c22 cm |
||
| 650 | _aEnglish poetry | ||
| 942 |
_2ddc _cBK |
||